000 00415nam a2200169Ia 4500
008 230524s9999 xx 000 0 und d
082 _a658.12
_bEVA
100 _aJames R.Evans
245 0 _aQuality Control and Management
250 _aIST
260 _aNEW DELHI
_bCengage
_c2009
300 _aXII;695
500 _aQuantity Number: 2
650 _aManagement
700 _a William M.Lindsay
942 _cBK
999 _c46015
_d46015